| 000 | 00474nam a2200181Ia 4500 | ||
|---|---|---|---|
| 003 | GCL | ||
| 008 | 140319s9999 xx 000 0 eng d | ||
| 040 |
_aGCL / _cGCL |
||
| 082 | 0 | 4 |
_a967.7 _bM S |
| 100 | 1 | _aMUSSA H.I.GALAAL | |
| 245 | 1 | 0 |
_aSTARS,SEASONA WEATHER IN SOMALI PASTARAL TRADITIAN / _cMUSSA H.I.GALAAL |
| 260 |
_a[S.N] : _bCELHTA ، _c1992 |
||
| 300 | _a90P | ||
| 650 | 0 | 4 | _aAFRICAN, SOMALI |
| 650 | 0 | 4 | _aSOMALI |
| 650 | 0 | 4 | _aWERTHER, SOMALI |
| 942 |
_2ddc _cBK |
||
| 999 |
_c12291 _d12291 |
||